[Event "17ème Open International de La Réunion"]
[Site "Saint Denis"]
[Date "2015.10.10"]
[Round "1.28"]
[White "Pun Chung, Leo"]
[Black "Folio, Cedric"]
[Result "0-1"]
[WhiteElo "1199"]
[BlackElo "1667"]
[PlyCount "100"]
[EventDate "2015.??.??"]

1. e4 b6 2. d4 Bb7 3. Nc3 e6 4. Nf3 d5 5. e5 Nd7 6. Bb5 a6 7. Bxd7+ Qxd7 8. O-O
Ne7 9. Be3 Nf5 10. Bf4 h6 11. Qd3 a5 12. a3 Ba6 13. Qd2 Bxf1 14. Kxf1 g5 15.
Be3 Be7 16. h3 c5 17. Ne2 Nxe3+ 18. Qxe3 cxd4 19. Nexd4 Bc5 20. Qb3 a4 21. Qd3
Ra5 22. c3 Qb7 23. Nb5 Ra8 24. Nd6+ Bxd6 25. exd6 Qa6 26. Qxa6 Rxa6 27. Nd4 Kd7
28. Nb5 Ra5 29. Nd4 Kxd6 30. b4 axb3 31. Nxb3 Ra4 32. Nd4 Rha8 33. Nb5+ Kc6 34.
Nd4+ Kc5 35. Nc2 Kc4 36. Ra2 Kb3 37. Ra1 Kxc2 38. g3 Rxa3 39. Re1 Ra1 40. f4
gxf4 41. g4 Rxe1+ 42. Kxe1 Kxc3 43. h4 Kd3 44. Kf2 Ke4 45. Kg2 Ra3 46. h5 Rg3+
47. Kh2 Kf3 48. g5 Rxg5 49. Kh1 Kf2 50. Kh2 Rxh5# 0-1

[Event "17ème Open International de La Réunion"]
[Site "Saint Denis"]
[Date "2015.10.10"]
[Round "1.29"]
[White "Ringayen, Rose-May"]
[Black "Leccia, Antoine"]
[Result "1-0"]
[WhiteElo "1661"]
[BlackElo "1169"]
[PlyCount "53"]
[EventDate "2015.??.??"]

1. e4 e5 2. Nf3 Nc6 3. d4 exd4 4. Nxd4 Bc5 5. Be3 Bb6 6. Nxc6 bxc6 7. Bxb6 axb6
8. Nc3 Bb7 9. Qg4 g6 10. Bd3 Nf6 11. Qf3 d6 12. O-O O-O 13. Rfe1 Re8 14. b4 Nd7
15. a4 Ne5 16. Qg3 Nxd3 17. Qxd3 Ra7 18. Rad1 Qa8 19. f4 Qd8 20. Qg3 d5 21. f5
d4 22. e5 g5 23. f6 h6 24. Ne4 Rxa4 25. Nxg5 hxg5 26. Qxg5+ Kf8 27. Qg7# 1-0

[Event "17ème Open International de La Réunion"]
[Site "Saint Denis"]
[Date "2015.10.10"]
[Round "1.30"]
[White "Leccia, Thomas"]
[Black "Collet, Jean Daniel"]
[Result "0-1"]
[WhiteElo "1162"]
[BlackElo "1656"]
[PlyCount "62"]
[EventDate "2015.??.??"]

1. Nf3 Nc6 2. e4 e5 3. Bc4 Bc5 4. Nc3 d6 5. d3 Nf6 6. h3 Na5 7. Bb5+ c6 8. Ba4
b5 9. Nxb5 cxb5 10. Bxb5+ Bd7 11. Bxd7+ Nxd7 12. c3 Nc6 13. b4 Bb6 14. O-O Nf8
15. c4 Ne6 16. Qa4 Qc8 17. Ba3 a6 18. Bb2 O-O 19. Bc1 Ncd4 20. Ng5 Ne2+ 21. Kh1
Nxc1 22. Nxe6 fxe6 23. Raxc1 Rxf2 24. Rxf2 Bxf2 25. Rf1 Bd4 26. Rf3 Qd8 27. Rg3
Qh4 28. Rg4 Qe1+ 29. Kh2 Bg1+ 30. Kh1 Bf2+ 31. Kh2 Qg1# 0-1

[Event "17ème Open International de La Réunion"]
[Site "Saint Denis"]
[Date "2015.10.10"]
[Round "1.31"]
[White "Mablouke, Ulrich"]
[Black "Mercadal, Theo"]
[Result "0-1"]
[WhiteElo "1653"]
[BlackElo "1143"]
[PlyCount "65"]
[EventDate "2015.??.??"]

1. e4 e5 2. Nf3 Nc6 3. d4 exd4 4. Bc4 Bc5 5. c3 d3 6. Qb3 Qe7 7. O-O d6 8. Bg5
Nf6 9. Bxd3 O-O 10. Nbd2 Ne5 11. Nxe5 dxe5 12. Kh1 Qd8 13. Qc2 Be7 14. f4 Nd7
15. Bxe7 Qxe7 16. f5 b6 17. Nf3 Bb7 18. b4 Nf6 19. Rac1 a5 20. bxa5 Rxa5 21. h3
Nh5 22. Nh2 Ng3+ 23. Kg1 Nxf1 24. Rxf1 Rfa8 25. f6 Qc5+ 26. Kh1 Rxa2 27. Qc1
Ra1 28. Qg5 Rxf1+ 29. Nxf1 Qf8 30. Ne3 h6 31. Qg3 Kh8 32. Qxe5 gxf6 33. Qxf6+
0-1

[Event "17ème Open International de La Réunion"]
[Site "Saint Denis"]
[Date "2015.10.10"]
[Round "1.32"]
[White "Leonardy, Baptiste"]
[Black "Cochard, Franck-Olivier"]
[Result "0-1"]
[WhiteElo "1140"]
[BlackElo "1646"]
[PlyCount "120"]
[EventDate "2015.??.??"]

1. e4 d5 2. exd5 Nf6 3. d4 Bg4 4. f3 Bf5 5. Bd3 Bxd3 6. Qxd3 Qxd5 7. c4 Qd7 8.
Ne2 e6 9. a3 c5 10. Nbc3 Be7 11. O-O O-O 12. Re1 Nc6 13. Be3 cxd4 14. Bxd4 e5
15. Rad1 exd4 16. Nxd4 Nxd4 17. Qxd4 Qxd4+ 18. Rxd4 Bc5 19. Ne2 Rfe8 20. Kf1
Bxd4 21. Nxd4 Rxe1+ 22. Kxe1 Nh5 23. g3 Re8+ 24. Kf2 Rd8 25. Nf5 Rd2+ 26. Ke3
Rxb2 27. Nd4 Rxh2 28. g4 Nf6 29. Kd3 Ra2 30. Nc2 Rb2 31. Kc3 Rb1 32. c5 Nd7 33.
Kc4 Nxc5 34. Kc3 b6 35. Kd2 Rb2 36. Kc1 Rxc2+ 37. Kxc2 g6 38. Kc3 h5 39. Kd2
Kg7 40. Ke3 Kf6 41. Kf2 hxg4 42. fxg4 Kg5 43. Kg3 a5 44. Kf3 b5 45. Ke3 b4 46.
axb4 axb4 47. Kd2 Kxg4 48. Kc2 b3+ 49. Kb2 f5 50. Kc3 f4 51. Kd2 f3 52. Kc3 f2
53. Kc4 f1=Q+ 54. Kxc5 b2 55. Kd5 b1=Q 56. Kd4 Qfd3+ 57. Ke5 Qe1+ 58. Kf6 Qf5+
59. Kg7 Qe7+ 60. Kh6 Qh5# 0-1

[Event "17ème Open International de La Réunion"]
[Site "Saint Denis"]
[Date "2015.10.10"]
[Round "1.33"]
[White "Strate, Wolfgang"]
[Black "Alex-Geerjanan, Nils"]
[Result "1-0"]
[WhiteElo "1628"]
[BlackElo "1120"]
[PlyCount "61"]
[EventDate "2015.??.??"]

1. d4 d5 2. e4 dxe4 3. Nc3 Nf6 4. f3 exf3 5. Nxf3 Nc6 6. d5 Nb4 7. Bc4 Bf5 8.
Bb3 e6 9. Ba4+ c6 10. dxc6 bxc6 11. Be3 Bd6 12. a3 Na6 13. Bxc6+ Nd7 14. Bxa8
Qxa8 15. Qxd6 Qb8 16. Qxb8+ Ndxb8 17. O-O-O e5 18. Rd6 e4 19. Ng5 h6 20. Ngxe4
Bxe4 21. Nxe4 O-O 22. Bxa7 Nc5 23. Nxc5 Rc8 24. Rhd1 Nc6 25. Bb6 Ne5 26. Rd8+
Rxd8 27. Rxd8+ Kh7 28. Ne4 Nc6 29. Ra8 f6 30. Kd2 Nd4 31. Bxd4 1-0

[Event "17ème Open International de La Réunion"]
[Site "Saint Denis"]
[Date "2015.10.10"]
[Round "1.34"]
[White "Larmet, Nino"]
[Black "Triton, Maxime"]
[Result "0-1"]
[WhiteElo "1099"]
[BlackElo "1605"]
[PlyCount "92"]
[EventDate "2015.??.??"]

1. e4 d5 2. exd5 Nf6 3. d4 Nxd5 4. Bc4 Nb6 5. Bb3 Nc6 6. d5 Na5 7. Nc3 Nxb3 8.
axb3 e6 9. Be3 Nxd5 10. Nxd5 Qxd5 11. Qxd5 exd5 12. Rxa7 Rxa7 13. Bxa7 b6 14.
Nf3 Ba6 15. Nd2 Bd6 16. c4 dxc4 17. bxc4 Kd7 18. O-O Ra8 19. Bxb6 cxb6 20. Rd1
Kc6 21. Ne4 Be7 22. Rc1 Bc8 23. h3 Bf5 24. Nc3 Bf6 25. b4 Bxc3 26. Rxc3 Ra4 27.
c5 Rxb4 28. cxb6+ Kxb6 29. Rf3 Be6 30. Rg3 g6 31. Rc3 Rc4 32. Rxc4 Bxc4 33. g4
Kc5 34. Kg2 Kd5 35. f4 Ke4 36. Kg3 f6 37. h4 h6 38. h5 gxh5 39. gxh5 Bf7 40.
Kg4 Bxh5+ 41. Kxh5 Kxf4 42. Kxh6 Kg4 43. Kg6 f5 44. Kf6 f4 45. Ke5 f3 46. Ke4
f2 0-1

[Event "17ème Open International de La Réunion"]
[Site "Saint Denis"]
[Date "2015.10.10"]
[Round "1.35"]
[White "Chan-Faye, Yoann"]
[Black "Cazal, Julian"]
[Result "1-0"]
[WhiteElo "1592"]
[BlackElo "1070"]
[PlyCount "57"]
[EventDate "2015.??.??"]

1. e4 e5 2. Nf3 Nf6 3. Nxe5 Qe7 4. d4 d6 5. Nf3 Qxe4+ 6. Qe2 Qxe2+ 7. Bxe2 Nc6
8. c4 Be6 9. d5 Nxd5 10. cxd5 Bxd5 11. Nc3 Be6 12. Bb5 Bd7 13. Nd5 O-O-O 14.
O-O a6 15. Ba4 b5 16. Bb3 Be6 17. Be3 Nb4 18. Nxb4 Bxb3 19. axb3 Kb7 20. Rfc1
c5 21. Nd5 Rc8 22. b4 c4 23. Ng5 h6 24. Nxf7 Rg8 25. Bb6 g6 26. Nd8+ Kb8 27.
Rxa6 Rg7 28. Rca1 Rd7 29. Ra8# 1-0

[Event "17ème Open International de La Réunion"]
[Site "Saint Denis"]
[Date "2015.10.10"]
[Round "1.36"]
[White "Hubert, Nathan"]
[Black "Romain, Arnaud"]
[Result "0-1"]
[WhiteElo "1020"]
[BlackElo "1575"]
[PlyCount "38"]
[EventDate "2015.??.??"]

1. d4 g6 2. c4 Bg7 3. Nc3 d6 4. Nf3 Nf6 5. e3 O-O 6. Be2 a6 7. O-O Nc6 8. Bd3
Bg4 9. h3 Bd7 10. Re1 e5 11. d5 Nb4 12. a3 Nxd3 13. Qxd3 Re8 14. Ng5 h6 15. Nf3
e4 16. Nxe4 Nxe4 17. Nd2 Nxd2 18. Bxd2 b6 19. b4 Bxa1 0-1

[Event "17ème Open International de La Réunion"]
[Site "Saint Denis"]
[Date "2015.10.10"]
[Round "2.1"]
[White "Goorsahye, Antoine"]
[Black "Sharma, Dinesh K"]
[Result "0-1"]
[WhiteElo "1741"]
[BlackElo "2356"]
[PlyCount "52"]
[EventDate "2015.??.??"]

1. e4 e6 2. d4 d5 3. Nc3 Nf6 4. Bg5 Bb4 5. e5 h6 6. exf6 hxg5 7. fxg7 Rg8 8.
Nf3 Qf6 9. Bd3 Qxg7 10. O-O g4 11. Ne5 Bd6 12. f4 Nd7 13. Qe2 Kd8 14. Nb5 a6
15. Na3 Nf8 16. f5 f6 17. Ng6 Nxg6 18. fxg6 f5 19. Qf2 g3 20. hxg3 Qxg6 21. c4
Bxg3 22. Qf3 c6 23. Rac1 Qh6 24. Rfd1 Bf4 25. Rc2 Rg3 26. Qe2 Be3+ 0-1

[Event "17ème Open International de La Réunion"]
[Site "Saint Denis"]
[Date "2015.10.10"]
[Round "2.2"]
[White "Lorans, Sylvain"]
[Black "Bah, Ismael"]
[Result "1-0"]
[WhiteElo "2188"]
[BlackElo "1754"]
[PlyCount "75"]
[EventDate "2015.??.??"]

1. d4 d5 2. c4 e6 3. Nc3 c6 4. e4 dxe4 5. Nxe4 Nf6 6. Nc3 Be7 7. Nf3 Qc7 8. Bd3
Nbd7 9. O-O O-O 10. Re1 Re8 11. Bg5 b6 12. Rc1 Bb7 13. Bb1 Ba6 14. b3 Rad8 15.
Qc2 Nf8 16. Rcd1 Ng6 17. Ne5 Nd7 18. Bxe7 Rxe7 19. Nxg6 hxg6 20. d5 Nf8 21.
dxe6 Rxe6 22. Ne4 Bc8 23. c5 Rxd1 24. Rxd1 Re5 25. cxb6 axb6 26. Qc3 Bf5 27. f3
Bxe4 28. Bxe4 Rc5 29. Qd4 Ne6 30. Qd6 Qc8 31. a4 Qf8 32. Bxc6 Qxd6 33. Rxd6
Rc1+ 34. Kf2 Rc2+ 35. Kg3 Rc3 36. Bd5 Rd3 37. Rd7 Kf8 38. Bxe6 1-0

[Event "17ème Open International de La Réunion"]
[Site "Saint Denis"]
[Date "2015.10.10"]
[Round "2.3"]
[White "Gaudissard, Dominique"]
[Black "Harshal, Shahi"]
[Result "0-1"]
[WhiteElo "1723"]
[BlackElo "2079"]
[PlyCount "44"]
[EventDate "2015.??.??"]

1. e4 c5 2. Nf3 e6 3. d4 cxd4 4. Nxd4 Nc6 5. Bc4 Nf6 6. Nc3 Bb4 7. Qd3 Ne5 8.
Qe2 Qc7 9. Ndb5 Qxc4 10. Qxc4 Nxc4 11. Nc7+ Kd8 12. Nxa8 b6 13. O-O Bxc3 14.
bxc3 Bb7 15. Nxb6 axb6 16. f3 d5 17. Rd1 Kc8 18. Rb1 dxe4 19. Rd4 Bd5 20. fxe4
Nxe4 21. Rd3 Ne5 22. Rd4 Nxc3 0-1

[Event "17ème Open International de La Réunion"]
[Site "Saint Denis"]
[Date "2015.10.10"]
[Round "2.4"]
[White "Mezouaghi, Miloud"]
[Black "Genne, Rene"]
[Result "1-0"]
[WhiteElo "2074"]
[BlackElo "1727"]
[PlyCount "71"]
[EventDate "2015.??.??"]

1. d4 d5 2. c4 e6 3. Nf3 Nf6 4. g3 b6 5. Bg2 Bb7 6. Ne5 Be7 7. Qa4+ Nbd7 8. Nc6
Bxc6 9. Qxc6 O-O 10. cxd5 Nxd5 11. Bxd5 exd5 12. Qxd5 Nf6 13. Qxd8 Rfxd8 14. e3
c5 15. dxc5 Bxc5 16. Nc3 Bb4 17. Bd2 Rd3 18. Ke2 Rad8 19. Rad1 Bxc3 20. Bxc3
Rxd1 21. Rxd1 Rxd1 22. Kxd1 Ne4 23. Be1 Kf8 24. f3 Ng5 25. Ke2 Ke7 26. h4 Ne6
27. Kd3 Kd7 28. Bc3 h5 29. g4 g6 30. gxh5 gxh5 31. Ke4 Ke7 32. Kd5 Kd7 33. Ke5
Nf8 34. Kf6 Ng6 35. Kg5 Ke6 36. Kxh5 1-0

[Event "17ème Open International de La Réunion"]
[Site "Saint Denis"]
[Date "2015.10.10"]
[Round "2.5"]
[White "Duprey, Francois-Xavier"]
[Black "Ralison, Milanto Harifidy"]
[Result "0-1"]
[WhiteElo "1720"]
[BlackElo "2046"]
[PlyCount "99"]
[EventDate "2015.??.??"]

1. c4 Nf6 2. Nf3 e6 3. b3 d5 4. e3 a6 5. Be2 c5 6. d4 dxc4 7. bxc4 Nc6 8. O-O
Be7 9. Ba3 O-O 10. Nc3 Qa5 11. Qb3 cxd4 12. Bxe7 Nxe7 13. exd4 Bd7 14. Rab1 Ng6
15. Qc2 Bc6 16. Nd2 Nf4 17. Nde4 Nxe4 18. Nxe4 f5 19. Nc5 Qc3 20. Qd1 Rad8 21.
Nxe6 Nxe6 22. d5 Nf4 23. Rb3 Qf6 24. Bf3 Ba4 25. Qc1 Bxb3 26. axb3 Nd3 27. Qd2
Ne5 28. Bd1 f4 29. f3 Qh4 30. Bc2 Rf6 31. Qe2 Re8 32. Be4 Rh6 33. h3 Qd8 34. c5
Nd7 35. Qc4 Kh8 36. d6 Qc8 37. b4 Rxd6 38. Bxb7 Qxb7 39. cxd6 Qb6+ 40. Kh2 Qxd6
41. Qc2 Qxb4 42. Qc6 Qb5 43. Re1 Ne5 44. Qc1 h6 45. Rd1 Qe2 46. Kh1 Nxf3 47.
gxf3 Qxf3+ 48. Kg1 Qg3+ 49. Kh1 Qxh3+ 50. Kg1 0-1

[Event "17ème Open International de La Réunion"]
[Site "Saint Denis"]
[Date "2015.10.10"]
[Round "2.6"]
[White "Gretry, Patrice"]
[Black "Andriandaza, Tombo Omar"]
[Result "1-0"]
[WhiteElo "1997"]
[BlackElo "1721"]
[PlyCount "49"]
[EventDate "2015.??.??"]

1. Nf3 Nf6 2. e3 d5 3. Be2 Bg4 4. d4 c6 5. c4 e6 6. O-O Bd6 7. b3 O-O 8. Nc3
Nbd7 9. h3 Bh5 10. g4 Bg6 11. Bb2 Ne4 12. Nd2 Qh4 13. Kg2 Ng5 14. Rh1 f5 15. f4
Ne4 16. Ncxe4 fxe4 17. Qe1 Be7 18. Qg3 h6 19. Rac1 Rac8 20. Rhf1 Bh7 21. Qxh4
Bxh4 22. Ba3 Rf7 23. f5 exf5 24. cxd5 Bg5 25. dxc6 1-0

[Event "17ème Open International de La Réunion"]
[Site "Saint Denis"]
[Date "2015.10.10"]
[Round "2.7"]
[White "Neu, Jeannot"]
[Black "Schneider, Wolfram"]
[Result "*"]
[WhiteElo "1694"]
[BlackElo "1988"]
[PlyCount "82"]
[EventDate "2015.??.??"]

1. d4 Nf6 2. c4 g6 3. Nc3 d5 4. Nf3 Bg7 5. Qb3 dxc4 6. Qxc4 O-O 7. e4 Nfd7 8.
Be3 Nb6 9. Qb3 Bg4 10. O-O-O a5 11. d5 a4 12. Qb4 a3 13. bxa3 Na6 14. Bxa6 Rxa6
15. e5 Bxf3 16. gxf3 Bxe5 17. Bc5 Bxc3 18. Qxc3 Na4 19. Qe3 Nxc5 20. Qxc5 Qa8
21. Rd3 Ra5 22. Qxe7 Re8 23. Qb4 Qa6 24. Rhd1 Rb5 25. Qd4 Qd6 26. Qa4 c6 27.
Rc3 Rxd5 28. Rxd5 Qxd5 29. Qb3 Re1+ 30. Kb2 Qf5 31. Rc2 Qe5+ 32. Qc3 Qb5+ 33.
Qb4 Qf1 34. Qd2 Qb5+ 35. Qb4 Qe5+ 36. Qc3 h5 37. f4 Qxc3+ 38. Kxc3 Kg7 39. Rb2
b5 40. a4 bxa4 41. Rb4 Rc1+ *

[Event "17ème Open International de La Réunion"]
[Site "Saint Denis"]
[Date "2015.10.10"]
[Round "2.8"]
[White "Calmels, Nicolas"]
[Black "Vitry, Patrick"]
[Result "0-1"]
[WhiteElo "1945"]
[BlackElo "1712"]
[PlyCount "77"]
[EventDate "2015.??.??"]

1. d4 Nf6 2. c4 g6 3. Nc3 d5 4. Nf3 Bg7 5. cxd5 Nxd5 6. e4 Nxc3 7. bxc3 c5 8.
Bb5+ Bd7 9. Qb3 cxd4 10. cxd4 Qa5+ 11. Bd2 Qxb5 12. Qc2 O-O 13. h4 Re8 14. Qd1
Qd3 15. Rb1 Qxe4+ 16. Kf1 Ba4 17. Qxa4 Qxb1+ 18. Be1 Qd3+ 19. Kg1 Qe4 20. Qa3
Nc6 21. h5 Qe6 22. hxg6 Qxg6 23. Rh3 Kf8 24. Bc3 Red8 25. Rg3 Qb1+ 26. Kh2 Nxd4
27. Rxg7 Kxg7 28. Nxd4 Kf8 29. Qc5 Qb6 30. Qf5 Qh6+ 31. Kg1 Rac8 32. Bb2 Qg6
33. Qe5 Ke8 34. Qb5+ Rd7 35. Nf5 Rc6 36. Qe5 Rd1+ 37. Kh2 Qh5+ 38. Kg3 Rg6+ 39.
Kf4 0-1

[Event "17ème Open International de La Réunion"]
[Site "Saint Denis"]
[Date "2015.10.10"]
[Round "2.9"]
[White "Folio, Cedric"]
[Black "Dijoux, Julien"]
[Result "1/2-1/2"]
[WhiteElo "1667"]
[BlackElo "1908"]
[PlyCount "152"]
[EventDate "2015.??.??"]

1. d4 e6 2. Nf3 Nf6 3. Bf4 b6 4. Nbd2 Bb7 5. e3 Be7 6. Bd3 d6 7. Qe2 Nbd7 8. h3
a6 9. Bh2 c5 10. c3 b5 11. O-O O-O 12. Ne1 e5 13. dxe5 dxe5 14. Bc2 Qb6 15.
Nef3 Qc6 16. Rfd1 Rfe8 17. Ne1 Rad8 18. Nf1 Bf8 19. Ng3 g6 20. Qf3 Qb6 21. e4
Qe6 22. Qe2 h6 23. Kh1 Nb8 24. Rxd8 Rxd8 25. Rd1 Rxd1 26. Qxd1 Nbd7 27. f3 Qd6
28. Ne2 Qxd1 29. Bxd1 Bd6 30. b3 Kf8 31. Nd3 Ke7 32. Ng3 Ke6 33. Bg1 Ng8 34.
Bc2 f5 35. exf5+ gxf5 36. Nxf5 Bf8 37. Nf2 Ngf6 38. Ng3 Kd6 39. Nfe4+ Nxe4 40.
Nxe4+ Kd5 41. Be3 Ke6 42. g4 Nf6 43. Nxc5+ Bxc5 44. Bxc5 Bxf3+ 45. Kg1 Nd5 46.
Bf5+ Kf6 47. c4 bxc4 48. bxc4 Nf4 49. Kf2 Be2 50. h4 Bxc4 51. a3 h5 52. Bb6
hxg4 53. Bxg4 Bb5 54. Bd8+ Kg6 55. Ke3 Bc6 56. Bc8 Nd5+ 57. Kd2 Bb5 58. Bb7 Nf4
59. Be4+ Kh5 60. Ke3 Bd7 61. Bf3+ Kg6 62. Be7 Kf5 63. Be4+ Kg4 64. Bf3+ Kf5 65.
h5 Be8 66. h6 Kg6 67. Be4+ Kxh6 68. Bd6 Ne6 69. Bxe5 Kg5 70. Bd3 Nc5 71. Bc4 a5
72. Bc7 a4 73. Kd4 Nb3+ 74. Kc3 Kf5 75. Kb4 Nd4 76. Bb6 Nc2+ 1/2-1/2

[Event "17ème Open International de La Réunion"]
[Site "Saint Denis"]
[Date "2015.10.10"]
[Round "2.10"]
[White "Horny, Guenter"]
[Black "Herrero, Alain"]
[Result "1/2-1/2"]
[WhiteElo "1878"]
[BlackElo "1689"]
[PlyCount "69"]
[EventDate "2015.??.??"]

1. e4 c5 2. Nf3 Nc6 3. d4 cxd4 4. Nxd4 g6 5. Be3 Bg7 6. Nc3 Nf6 7. Be2 O-O 8.
O-O d5 9. exd5 Nxd5 10. Nxd5 Qxd5 11. Bf3 Qc4 12. c3 Bd7 13. Be2 Qd5 14. Bf3
Qc4 15. Nxc6 Bxc6 16. Bxc6 Qxc6 17. Qb3 a5 18. Rad1 b5 19. Qd5 Rfc8 20. Qxc6
Rxc6 21. Rd7 e6 22. Rfd1 h5 23. Rb7 b4 24. cxb4 axb4 25. Rxb4 Rxa2 26. Rb8+ Kh7
27. b4 Rd6 28. Rc1 Bd4 29. Bxd4 Rxd4 30. g3 Rdd2 31. Rf1 Kg7 32. b5 Kf6 33. b6
Rab2 34. Rb7 Rd6 35. Re1 1/2-1/2

[Event "17ème Open International de La Réunion"]
[Site "Saint Denis"]
[Date "2015.10.10"]
[Round "2.11"]
[White "Collet, Jean Daniel"]
[Black "Payet, Jean-Claude"]
[Result "0-1"]
[WhiteElo "1656"]
[BlackElo "1872"]
[PlyCount "82"]
[EventDate "2015.??.??"]

1. e4 e6 2. d4 d5 3. exd5 exd5 4. Bd3 Nf6 5. Bg5 h6 6. Bh4 Be7 7. Nf3 Bg4 8. h3
Bh5 9. g4 Bg6 10. Ne5 Be4 11. f3 Bxd3 12. Qxd3 Nbd7 13. f4 Ne4 14. Bxe7 Qxe7
15. h4 Ndf6 16. Nd2 Nxd2 17. Qxd2 Nxg4 18. O-O-O Nxe5 19. Rde1 O-O-O 20. fxe5
g6 21. Qf2 Kb8 22. Kb1 b6 23. Rh3 h5 24. Rf3 Rh7 25. Rf1 Rd7 26. Re1 Qe8 27. e6
Re7 28. Rf6 Kb7 29. Qf3 c6 30. Qh3 fxe6 31. Rfxe6 Rxe6 32. Qxe6 Qxe6 33. Rxe6
Rg7 34. Kc1 g5 35. hxg5 Rxg5 36. Re2 h4 37. Kd1 Rg1+ 38. Re1 Rg4 39. c3 Rg2 40.
Re2 h3 41. Re1 h2 0-1

[Event "17ème Open International de La Réunion"]
[Site "Saint Denis"]
[Date "2015.10.10"]
[Round "2.12"]
[White "Riviere, Etienne"]
[Black "Ringayen, Rose-May"]
[Result "1-0"]
[WhiteElo "1846"]
[BlackElo "1661"]
[PlyCount "89"]
[EventDate "2015.??.??"]

1. e4 e5 2. Nf3 Nc6 3. Bb5 a6 4. Ba4 Be7 5. O-O b5 6. Bb3 Nf6 7. Re1 O-O 8. c3
d6 9. h3 Bb7 10. d4 exd4 11. cxd4 d5 12. e5 Ne4 13. Nbd2 Nxd2 14. Bxd2 Nb4 15.
Be3 a5 16. Qd2 a4 17. Bd1 Na6 18. a3 c6 19. Bc2 Nc7 20. Bg5 Ne6 21. Bxe7 Qxe7
22. Qd3 g6 23. Nh2 h5 24. Rf1 Qg5 25. Kh1 Nf4 26. Qf3 Bc8 27. h4 Qh6 28. Qe3 g5
29. g3 Ne6 30. hxg5 Qxg5 31. f4 Qg7 32. g4 hxg4 33. Nxg4 Qh8+ 34. Kg2 Rd8 35.
Nf6+ Kf8 36. Rh1 Qg7+ 37. Kf2 Ke7 38. Rag1 Qf8 39. f5 Ng7 40. Qg5 Ra7 41. Nh7+
Kd7 42. Nxf8+ Kc7 43. Qxg7 Kb8 44. f6 Be6 45. Rh7 1-0

[Event "17ème Open International de La Réunion"]
[Site "Saint Denis"]
[Date "2015.10.10"]
[Round "2.13"]
[White "Cochard, Franck-Olivier"]
[Black "Rajaonson, Andriamahenina"]
[Result "0-1"]
[WhiteElo "1646"]
[BlackElo "1840"]
[PlyCount "52"]
[EventDate "2015.??.??"]

1. Nf3 d5 2. c4 e6 3. g3 Nf6 4. Bg2 c6 5. cxd5 exd5 6. O-O Bd6 7. d4 O-O 8. Nc3
Re8 9. Bg5 Bg4 10. Qb3 Bc8 11. Rac1 Nbd7 12. Bd2 h6 13. e3 Nb6 14. Na4 Nxa4 15.
Qxa4 Ne4 16. Bb4 Bc7 17. Nd2 Ng5 18. h4 Nh3+ 19. Kh1 Nxf2+ 20. Rxf2 Bxg3 21.
Rf3 Qxh4+ 22. Kg1 Qh2+ 23. Kf1 Bg4 24. Qd1 Rxe3 25. Rc3 Re1+ 26. Qxe1 Bxe1 0-1

[Event "17ème Open International de La Réunion"]
[Site "Saint Denis"]
[Date "2015.10.10"]
[Round "2.14"]
[White "Ratsimikatry, Caryl Patrick"]
[Black "Strate, Wolfgang"]
[Result "1-0"]
[WhiteElo "1836"]
[BlackElo "1628"]
[PlyCount "63"]
[EventDate "2015.??.??"]

1. e4 d5 2. exd5 Nf6 3. d4 Qxd5 4. Nc3 Qd8 5. Bg5 e6 6. Nf3 Be7 7. Bc4 Nbd7 8.
O-O h6 9. Bh4 O-O 10. Re1 Re8 11. Qd3 c6 12. Re2 Nb6 13. Bb3 Nbd5 14. Nxd5 Nxd5
15. Bxe7 Rxe7 16. Qd2 Qd6 17. Ne5 Bd7 18. c4 Nf6 19. c5 Qc7 20. Rc1 Rae8 21.
Re3 Nh5 22. Rh3 Nf6 23. Rxh6 gxh6 24. Qxh6 Nh7 25. Rc3 f6 26. Rg3+ Ng5 27. Qxf6
Bc8 28. Qg6+ Kf8 29. Rxg5 Rg7 30. Qh6 Kg8 31. Rh5 Rh7 32. Qg6+ 1-0

[Event "17ème Open International de La Réunion"]
[Site "Saint Denis"]
[Date "2015.10.10"]
[Round "2.15"]
[White "Triton, Maxime"]
[Black "Frelicot, Eric"]
[Result "0-1"]
[WhiteElo "1605"]
[BlackElo "1787"]
[PlyCount "48"]
[EventDate "2015.??.??"]

1. e4 c6 2. d4 d5 3. e5 Bf5 4. Nc3 e6 5. g4 Bg6 6. Nge2 h6 7. Be3 Qb6 8. b3 Nd7
9. a3 Qc7 10. Nf4 Ne7 11. Bd3 Bxd3 12. Qxd3 a6 13. a4 c5 14. dxc5 Nxe5 15. Qe2
N7g6 16. Nxg6 Nxg6 17. Bd4 Qc6 18. b4 e5 19. Bxe5 O-O-O 20. b5 Qxc5 21. Qf3
Nxe5 22. Qf5+ Nd7 23. Nxd5 g6 24. Qxf7 Bd6 0-1

[Event "17ème Open International de La Réunion"]
[Site "Saint Denis"]
[Date "2015.10.10"]
[Round "2.16"]
[White "Rajaobelina, Hery"]
[Black "Chan-Faye, Yoann"]
[Result "1-0"]
[WhiteElo "1787"]
[BlackElo "1592"]
[PlyCount "107"]
[EventDate "2015.??.??"]

1. e4 c5 2. Nf3 d6 3. d4 cxd4 4. Nxd4 Nf6 5. f3 g6 6. c4 Nc6 7. Nc3 Bg7 8. Be3
Qb6 9. Na4 Qd8 10. Qd2 Nd7 11. Be2 O-O 12. O-O Re8 13. Rfd1 Nde5 14. Rac1 Nxd4
15. Bxd4 Be6 16. b3 b6 17. Rc2 Rc8 18. Rdc1 Qd7 19. Nc3 f5 20. f4 Bh6 21. Bxe5
dxe5 22. Qxd7 Bxd7 23. Rd1 Bc6 24. exf5 exf4 25. fxg6 hxg6 26. Bf3 Bxf3 27.
gxf3 Rcd8 28. Rcd2 Rxd2 29. Rxd2 Kf7 30. Ne4 Bg7 31. b4 Be5 32. a3 e6 33. Kf1
Ke7 34. Ke1 Rd8 35. Rxd8 Kxd8 36. Kd2 Bd4 37. Kd3 e5 38. a4 Kd7 39. Ng5 Ke7 40.
Nh3 Kd6 41. Nxf4 g5 42. Ne2 Bf2 43. Nc3 Ke6 44. Ke4 Be1 45. Nd5 Bd2 46. c5 bxc5
47. bxc5 Ba5 48. c6 Kd6 49. c7 Bxc7 50. Nxc7 Kxc7 51. Kxe5 Kb6 52. Kf5 Ka5 53.
Kxg5 Kxa4 54. h4 1-0

[Event "17ème Open International de La Réunion"]
[Site "Saint Denis"]
[Date "2015.10.10"]
[Round "2.17"]
[White "Romain, Arnaud"]
[Black "Desire, Michael"]
[Result "0-1"]
[WhiteElo "1575"]
[BlackElo "1783"]
[PlyCount "64"]
[EventDate "2015.??.??"]

1. d4 Nf6 2. f4 e6 3. e3 c5 4. c3 Nc6 5. Nf3 Be7 6. Bd3 cxd4 7. cxd4 O-O 8. O-O
d5 9. a3 Bd7 10. Nc3 Rc8 11. Ne5 Be8 12. Bd2 a6 13. Qe2 g6 14. b4 Nd7 15. b5
axb5 16. Nxb5 Ndxe5 17. fxe5 f6 18. exf6 Bxf6 19. Bb4 Nxb4 20. axb4 Qb6 21. Rf3
Bxb5 22. Bxb5 Bxd4 23. Raf1 Rxf3 24. Rxf3 Rc1+ 25. Kf2 Qc7 26. Bd3 Bg7 27. Qa2
Ra1 28. Qb3 Qxh2 29. Qc2 Qg1+ 30. Kg3 Be5+ 31. Kg4 Rc1 32. Qa4 Qxg2+ 0-1

[Event "17ème Open International de La Réunion"]
[Site "Saint Denis"]
[Date "2015.10.10"]
[Round "2.18"]
[White "Desor, Helmut"]
[Black "Vincent, Theo"]
[Result "1-0"]
[WhiteElo "1767"]
[BlackElo "1009"]
[PlyCount "48"]
[EventDate "2015.??.??"]

1. e4 e5 2. Bc4 Nf6 3. d3 Bc5 4. Nf3 Ng4 5. O-O Nc6 6. Ng5 Nxf2 7. Rxf2 Bxf2+
8. Kxf2 Qf6+ 9. Qf3 Qxf3+ 10. Nxf3 O-O 11. Nc3 Nd4 12. Nxd4 exd4 13. Nb5 c5 14.
Nd6 a6 15. Bd5 Ra7 16. Bg5 h6 17. Be7 a5 18. Bxf8 Kxf8 19. Nxc8 Ra6 20. Kg1 Ke8
21. e5 Kd8 22. Nd6 Rb6 23. b3 Rb4 24. a3 Rb5 1-0

[Event "17ème Open International de La Réunion"]
[Site "Saint Denis"]
[Date "2015.10.10"]
[Round "2.19"]
[White "Mercadal, Theo"]
[Black "Hoareau, Noe"]
[Result "1/2-1/2"]
[WhiteElo "1143"]
[BlackElo "1495"]
[PlyCount "93"]
[EventDate "2015.??.??"]

1. c4 e5 2. Nc3 Nf6 3. g3 c6 4. Bg2 d5 5. cxd5 cxd5 6. d3 h6 7. Nf3 Nc6 8. O-O
Be6 9. b3 Qd7 10. Bb2 d4 11. Nb1 Be7 12. Nbd2 O-O 13. a3 b5 14. Rc1 Bd5 15. h3
Rac8 16. Qe1 Bd6 17. e3 Rfe8 18. exd4 exd4 19. Qd1 Qf5 20. Ne1 Bxg2 21. Kxg2
Qd5+ 22. Qf3 Qxf3+ 23. Nexf3 a6 24. Nxd4 Nxd4 25. Bxd4 Bxa3 26. Ra1 Bb4 27. Nf3
Bc3 28. Rxa6 Bxd4 29. Nxd4 Red8 30. Nxb5 Rxd3 31. Rb1 Rb8 32. Nd6 Rbxb3 33.
Rxb3 Rxb3 34. Ra8+ Kh7 35. Nxf7 Rb2 36. Ra1 Rd2 37. Ne5 Rb2 38. Nf3 Ne4 39. Rf1
Kg6 40. g4 Kf6 41. h4 Kg6 42. Ne5+ Kf6 43. Nc4 Rc2 44. Ne3 Rb2 45. Kf3 Nd2+ 46.
Kg3 Nxf1+ 47. Nxf1 1/2-1/2